| 000 | 00734nam a22002417a 4500 | ||
|---|---|---|---|
| 005 | 20131127162910.0 | ||
| 008 | 131126b xxu||||| |||| 00| 0 eng d | ||
| 010 | _aPUN-7727 | ||
| 020 | _c180.00 | ||
| 035 | _aPN-6845 | ||
| 037 | _bDBAD / PUB | ||
| 037 | _bArsee Publishers | ||
| 040 |
_adpl _bpn |
||
| 082 | _aਓ | ||
| 100 | _aਅਰੋੜਾ, ਪ੍ਰੀਤਮ | ||
| 245 |
_aਨਹਿਰ ਦੇ ਕੰਡੇ / _c ਪ੍ਰੀਤਮ ਅਰੋੜਾ |
||
| 246 |
_aNehar de kande _bby Pritam Arora |
||
| 260 |
_aDelhi _bArsee Publishers _c2013 |
||
| 270 |
_bDelhi _aChandni Chowk _k011-65966481 |
||
| 300 | 4 |
_a116p. _c22ਸੇਂਮੀ (ਸਜਿਲੱਦ) |
|
| 942 |
_2ddc _cPN _hਓ _mਅਰੋੜਾ |
||
| 999 |
_c80894 _d80894 |
||